Montañas más altas de cada Comunidad Autónoma - Estadísticas

Estadísticas generales
  • Esta prueba ha sido intentada 123 veces
  • La puntuación promedio es 5 de 17
Estadísticas de respuestas
CCAA Altitud (m) Respuesta % Correcto
Islas Canarias 3718 Teide
99%
Andalucia 3478.6 Mulhacén
91%
Aragón 3404 Aneto
87%
Comunidad de Madrid 2428.4 Peñalara
30%
Castilla y León 2651.9 Torre Cerredo
25%
Asturias 2651.9 Torre Cerredo
25%
Cataluña 3143.1 Pica d'Estats
22%
Islas Baleares 1436 Puig Major
20%
Navarra 2443.7 Mesa de los Tres Reyes
17%
Galicia 2128.7 Peña Trevinca
16%
Cantabria 2618.5 Torre Blanca
7%
Castilla-La Mancha 2274 Pico del Lobo
5%
Extremadura 2399 Calvitero
4%
País Vasco 1551 Aketegui
2%
Comunidad Valenciana 1837.7 Alto de las Barracas
2%
La Rioja 2271.4 Cerro de San Lorenzo
1%
Región de Murcia 2014.1 Pico Obispo
1%
No se encontraron pruebas coincidentes
Distribución de puntuación
Porcentaje de gente con cada puntuación
Porcentaje por número respondido
Historial de tus puntuaciones
No has intentado esta prueba.